Online
Catalog

Los sistemas de hipertexto e hipermedios : (Record no. 20000)

MARC details
000 -CABECERA
campo de control de longitud fija 01066nam a2200265 a 4500
001 - NÚMERO DE CONTROL
campo de control 000020496
005 - FECHA Y HORA DE LA ÚLTIMA TRANSACCIÓN
campo de control 20200930011123.0
008 - DATOS DE LONGITUD FIJA--INFORMACIÓN GENERAL
campo de control de longitud fija 101216s1991 sp 000 0 spa d
020 ## - NÚMERO INTERNACIONAL ESTÁNDAR DEL LIBRO
Número Internacional Estándar del Libro 8436806158 (Piramide)
020 ## - NÚMERO INTERNACIONAL ESTÁNDAR DEL LIBRO
Número Internacional Estándar del Libro 8486168635 (F.G.S.R.)
040 ## - FUENTE DE LA CATALOGACIÓN
Centro catalogador/agencia de origen DO-SdBNP
Lengua de catalogación spa
Centro/agencia transcriptor BNPHU
082 ## - NÚMERO DE LA CLASIFICACIÓN DECIMAL DEWEY
Número de clasificación xxxx
Número de documento/Ítem C277s
100 1# - ENTRADA PRINCIPAL--NOMBRE DE PERSONA
Nombre de persona Caridad, Mercedes
9 (RLIN) 43193
245 13 - MENCIÓN DE TÍTULO
Título Los sistemas de hipertexto e hipermedios :
Resto del título una nueva aplicación en informática documental /
Mención de responsabilidad, etc. Mercedes Caridad, Purificación Moscoso; prólogo Manuel Carrión Gútiez.
260 ## - PUBLICACIÓN, DISTRIBUCIÓN, ETC.
Lugar de publicación, distribución, etc. Madrid, Salamanca :
Nombre del editor, distribuidor, etc. Fundación Germán Sánchez Ruipérez,
-- Ediciones Pirámide,
Fecha de publicación, distribución, etc. 1991.
300 ## - DESCRIPCIÓN FÍSICA
Extensión 153 p. ;
Dimensiones 22 cm.
490 0# - MENCIÓN DE SERIE
Mención de serie Biblioteca del Libro
504 ## - NOTA DE BIBLIOGRAFÍA, ETC.
Nota de bibliografía, etc. Bibliografía p: 147-153
500 ## - NOTA GENERAL
Nota general Incluye referencias biográficas de las autoras en la solapa.
650 #0 - PUNTO DE ACCESO ADICIONAL DE MATERIA--TÉRMINO DE MATERIA
Término de materia o nombre geográfico como elemento de entrada Automatización de bibliotecas
9 (RLIN) 43194
650 #0 - PUNTO DE ACCESO ADICIONAL DE MATERIA--TÉRMINO DE MATERIA
Término de materia o nombre geográfico como elemento de entrada Sistemas de hipertexto
9 (RLIN) 17469
700 1# - PUNTO DE ACCESO ADICIONAL--NOMBRE DE PERSONA
Nombre de persona Moscoso, Purificación
9 (RLIN) 43195
700 1# - PUNTO DE ACCESO ADICIONAL--NOMBRE DE PERSONA
Nombre de persona Carrión Gútiez, Manuel
Término indicativo de función/relación prol.
9 (RLIN) 43196
830 #0 - PUNTO DE ACCESO ADICIONAL DE SERIE-TÍTULO UNIFORME
Título uniforme Biblioteca del Libro
9 (RLIN) 7397
Holdings
Estado de retiro Estado de pérdida Restricciones de uso No para préstamo Código de colección Localización permanente Ubicación/localización actual Ubicación en estantería Fecha de adquisición Número de inventario Total de préstamos Signatura topográfica completa Código de barras Fecha visto por última vez Precio válido a partir de Tipo de ítem Koha
      Excluido de préstamo Monografías: Libros y Folletos General General En catalogación 03.10.2017 LF1   xxxx C277s 20496-10 25.06.2020 25.06.2020 No se presta

Powered by Koha